All Countries in Order by Area - Statistics

General Stats
  • This quiz has been taken 208 times
  • The average score is 122 of 196
Answer Stats
# Area (km) Initial Country % Correct
1 17,098,246 R Russia
100%
5 8,515,767 B Brazil
99%
3 9,596,961 C China
99%
4 9,525,067 US United States
99%
2 9,984,670 C Canada
98%
6 7,692,024 A Australia
96%
11 2,344,858 DRC D. R. Congo
96%
7 3,287,263 I India
96%
9 2,724,900 K Kazakhstan
95%
10 2,381,741 A Algeria
93%
8 2,780,400 A Argentina
92%
14 1,910,931 I Indonesia
90%
13 1,964,375 M Mexico
88%
12 2,149,690 SA Saudi Arabia
88%
16 1,759,540 L Libya
86%
18 1,564,110 M Mongolia
86%
19 1,285,216 P Peru
85%
24 1,221,037 SA South Africa
85%
15 1,861,484 S Sudan
84%
49 527,968 Y Yemen
84%
17 1,648,195 I Iran
83%
38 752,612 Z Zambia
83%
44 622,984 CAR Central African Republic
82%
32 916,445 V Venezuela
82%
20 1,284,000 C Chad
81%
26 1,104,300 E Ethiopia
81%
42 640,679 F France
81%
21 1,267,000 N Niger
81%
54 462,840 PNG Papua New Guinea
80%
78 242,495 UK United Kingdom
80%
60 390,757 Z Zimbabwe
80%
22 1,246,700 A Angola
79%
61 377,973 J Japan
79%
75 270,467 NZ New Zealand
79%
41 644,329 SS South Sudan
79%
23 1,240,192 M Mali
78%
27 1,098,581 B Bolivia
77%
25 1,141,748 C Colombia
77%
64 338,424 F Finland
77%
70 309,500 O Oman
77%
33 881,912 P Pakistan
77%
30 945,087 T Tanzania
77%
62 357,114 G Germany
76%
48 580,367 K Kenya
76%
28 1,030,700 M Mauritania
76%
34 825,615 N Namibia
76%
36 783,562 T Turkey
76%
74 274,222 BF Burkina Faso
75%
31 923,768 N Nigeria
75%
45 603,500 U Ukraine
75%
65 331,212 V Vietnam
75%
29 1,002,450 E Egypt
73%
114 83,600 UAE United Arab Emirates
73%
56 447,400 U Uzbekistan
73%
40 652,230 A Afghanistan
72%
37 756,102 C Chile
72%
35 801,590 M Mozambique
72%
97 120,540 NK North Korea
72%
69 312,696 P Poland
72%
58 438,317 I Iraq
71%
55 450,295 S Sweden
71%
50 513,120 T Thailand
71%
196 0.44 VC Vatican City
71%
68 322,463 IC Ivory Coast
70%
194 21 N Nauru
70%
193 26 T Tuvalu
70%
192 61 SM San Marino
69%
107 100,210 SK South Korea
69%
79 241,550 U Uganda
69%
195 2.02 M Monaco
68%
67 323,802 N Norway
68%
81 238,397 R Romania
68%
43 637,657 S Somalia
68%
52 488,100 T Turkmenistan
68%
159 11,586 Q Qatar
67%
185 389 SVG Saint Vincent and the Grenadines
67%
71 301,339 I Italy
66%
39 656,578 M Myanmar
66%
189 261 SKN Saint Kitts and Nevis
66%
47 581,730 B Botswana
65%
178 702 FSM Federated States of Micronesia
65%
46 587,041 M Madagascar
65%
63 342,000 RC Rep. of the Congo
65%
155 14,919 ET East Timor
64%
76 267,467 G Gabon
64%
110 89,342 J Jordan
64%
191 160 L Liechtenstein
64%
183 442 AB Antigua and Barbuda
63%
181 459 P Palau
63%
51 505,992 S Spain
63%
166 5,130 TT Trinidad and Tobago
63%
89 176,215 U Uruguay
63%
190 181 MI Marshall Islands
62%
125 51,209 BH Bosnia and Herzegovina
61%
167 4,033 CV Cape Verde
61%
128 48,671 DR Dominican Republic
61%
186 344 G Grenada
61%
77 245,857 G Guinea
61%
59 406,752 P Paraguay
61%
142 28,051 EG Equatorial Guinea
60%
57 446,550 M Morocco
60%
72 300,000 P Philippines
60%
101 112,492 H Honduras
59%
108 93,028 H Hungary
59%
173 811 K Kiribati
59%
82 236,800 L Laos
59%
146 25,713 NM North Macedonia
59%
184 430 B Barbados
58%
53 475,442 C Cameroon
58%
80 238,533 G Ghana
58%
161 10,991 J Jamaica
58%
158 12,189 V Vanuatu
58%
73 276,841 E Ecuador
57%
106 103,000 I Iceland
57%
85 199,951 K Kyrgyzstan
57%
121 65,300 L Lithuania
57%
179 616 SL Saint Lucia
57%
176 747 T Tonga
57%
126 51,100 CR Costa Rica
56%
152 18,272 F Fiji
56%
122 64,559 L Latvia
56%
124 56,594 C Croatia
55%
130 43,094 D Denmark
55%
118 70,273 I Ireland
55%
84 207,600 B Belarus
54%
147 23,200 D Djibouti
54%
135 36,125 GB Guinea-Bissau
54%
83 214,969 G Guyana
54%
162 10,887 K Kosovo
54%
66 330,803 M Malaysia
54%
187 316 M Malta
54%
172 964 STP São Tomé and Príncipe
54%
129 45,227 E Estonia
53%
144 27,750 H Haiti
53%
145 26,338 R Rwanda
53%
180 468 A Andorra
52%
175 751 D Dominica
52%
150 20,770 I Israel
52%
188 300 M Maldives
52%
120 65,610 SL Sri Lanka
51%
88 181,035 C Cambodia
50%
109 92,090 P Portugal
50%
119 69,700 G Georgia
49%
169 2,586 L Luxembourg
49%
170 2,040 M Mauritius
49%
177 716 S Singapore
49%
171 1,862 C Comoros
48%
99 117,600 E Eritrea
48%
131 41,850 N Netherlands
48%
182 452 S Seychelles
48%
87 185,180 S Syria
48%
112 86,600 A Azerbaijan
47%
149 21,041 ES El Salvador
47%
95 131,990 G Greece
47%
90 163,820 S Suriname
47%
141 28,748 A Albania
46%
139 29,743 A Armenia
46%
100 114,763 B Benin
46%
93 147,181 N Nepal
46%
96 130,373 N Nicaragua
46%
111 88,369 S Serbia
46%
123 56,785 T Togo
46%
165 5,765 B Brunei
45%
103 110,879 B Bulgaria
45%
164 9,251 C Cyprus
45%
115 78,869 CR Czech Republic
45%
174 767 B Bahrain
44%
105 108,889 G Guatemala
44%
116 75,417 P Panama
44%
127 49,037 S Slovakia
44%
91 163,610 T Tunisia
44%
113 83,871 A Austria
43%
148 22,966 B Belize
43%
138 30,355 L Lesotho
43%
98 118,484 M Malawi
43%
94 143,100 T Tajikistan
43%
153 17,818 K Kuwait
42%
102 111,369 L Liberia
42%
151 20,273 S Slovenia
42%
156 13,943 B Bahamas
41%
92 147,570 B Bangladesh
40%
137 30,528 B Belgium
40%
133 38,394 B Bhutan
40%
168 2,842 S Samoa
40%
117 71,740 SL Sierra Leone
40%
163 10,452 L Lebanon
39%
86 196,722 S Senegal
39%
140 28,896 SI Solomon Islands
39%
134 36,193 T Taiwan
39%
104 109,884 C Cuba
38%
157 13,812 M Montenegro
38%
132 41,284 S Switzerland
38%
160 11,295 G The Gambia
37%
143 27,834 B Burundi
36%
136 33,846 M Moldova
35%
154 17,364 E Eswatini
34%
No matching quizzes found
Score Distribution
Percent of People with Each Score
Percentile by Number Answered
Your Score History
You have not taken this quiz